Statistics for Subdivisions of Allegheny County, Pennsylvania - Map Quiz

Click here to take the quiz!

General Stats

  • This quiz has been taken 35 times
    (34 since last reset)
  • The average score is 8 of 147

Answers on the Map

Answers color-coded by a green-red scale on the quiz's map according to % correct below.
 

Answer Stats

Answer% Correct
Pittsburgh
50%
Aspinwall
25%
Bellevue
25%
Blawnox
25%
Castle Shannon
25%
Dormont
25%
Edgewood
25%
Etna
25%
Findlay Township
25%
Forward Township
25%
Fox Chapel
25%
Millvale
25%
Monroeville
25%
Moon Township
25%
Mt. Lebanon
25%
Mt. Oliver
25%
Penn Hills
25%
Plum
25%
Port Vue
25%
Rankin
25%
Reserve Township
25%
Ross Township
25%
Shaler Township
25%
Sharpsburg
25%
South Fayette Township
25%
South Park Township
25%
Swissvale
25%
West Mifflin
25%
West View
25%
Wilkinsburg
25%
Wilmerding
25%
Aleppo Township
0%
Allison Park
0%
Avalon
0%
Bairdford
0%
Bakerstown
0%
Baldwin
0%
Baldwin Township
0%
Bell Acres
0%
Ben Avon
0%
Ben Avon Heights
0%
Bethel Park
0%
Boston
0%
Brackenridge
0%
Braddock
0%
Braddock Hills
0%
Bradford Woods
0%
Brentwood
0%
Bridgeville
0%
Carnegie
0%
Carnot-Moon
0%
Chalfant
0%
Cheswick
0%
Churchill
0%
Clairton
0%
Clinton
0%
Collier Township
0%
Coraopolis
0%
Crafton
0%
Crescent Township
0%
Curtisville
0%
Dravosburg
0%
Duquesne
0%
East Deer Township
0%
East McKeesport
0%
East Pittsburgh
0%
Edgeworth
0%
Elizabeth
0%
Elizabeth Township
0%
Emsworth
0%
Enlow
0%
Fawn Township
0%
Forest Hills
0%
Franklin Park
0%
Frazer Township
0%
Gibsonia
0%
Glassport
0%
Glenfield
0%
Glen Osborne
0%
Glenshaw
0%
Greenock
0%
Green Tree
0%
Hampton Township
0%
Harmar Township
0%
Harrison Township
0%
Harwick
0%
Haysville
0%
Heidelberg
0%
Homestead
0%
Imperial
0%
Indiana Township
0%
Ingram
0%
Jefferson Hills
0%
Kennedy Township
0%
Kilbuck Township
0%
Leetsdale
0%
Leet Township
0%
Liberty
0%
Lincoln
0%
Marshall Township
0%
McCandless
0%
McDonald
0%
McKeesport
0%
McKees Rocks
0%
Munhall
0%
Neville Township
0%
Noblestown
0%
North Braddock
0%
North Fayette Township
0%
North Versailles Township
0%
Oakdale
0%
Oakmont
0%
O'Hara Township
0%
Ohio Township
0%
Pennsbury Village
0%
Pine Township
0%
Pitcairn
0%
Pleasant Hills
0%
Rennerdale
0%
Richland Township
0%
Robinson Township
0%
Rosslyn Farms
0%
Russellton
0%
Scott Township
0%
Sewickley
0%
Sewickley Heights
0%
Sewickley Hills
0%
South Versailles Township
0%
Springdale
0%
Springdale Township
0%
Stowe Township
0%
Sturgeon
0%
Tarentum
0%
Thornburg
0%
Trafford
0%
Turtle Creek
0%
Upper St. Clair Township
0%
Verona
0%
Versailles
0%
Wall
0%
West Deer Township
0%
West Elizabeth
0%
West Homestead
0%
Whitaker
0%
Whitehall
0%
White Oak
0%
Wilkins Township
0%

Score Distribution

Percentile by Number Answered

Percent of People with Each Score

Your Score History

You have not taken this quiz since the last reset